Statistics for FIFA 17 Premier League Top 10 Left Wingers

Click here to take the quiz!

General Stats

  • This quiz has been taken 125 times
  • The average score is 5 of 10

Answer Stats

RankPlayerOVA% Correct
1Eden Hazard88
90%
7Raheem Sterling82
80%
2Alexis Sanchez87
69%
6Anthony Martial82
57%
3Dimitri Payet86
48%
5Pedro83
37%
8Marko Arnautovic82
28%
4Nolito83
26%
9Kevin Mirallas81
17%
10Sofiane Boufal80
15%

Score Distribution

Percentile by Number Answered

Percent of People with Each Score

Your Score History

You have not taken this quiz